00297nam a22001097a 4500008004100000020001800041082001100059100002200070245003400092260005200126300000900178260601b |||||||| |||| 00| 0 eng d a9789381275399 a001924 aJagannātha, E s aGranthasampādanaśāstram aBangalorebPoorna Prajna Samshodhan Trustc2014 a384p